000 00350nam a2200145Ia 4500
008 191201s2010 xx 000 0 und d
082 _a331.0954
_bSII
100 _aSINGH, B D
245 0 _aIndustrial Relations Emerging Paradigms
250 _a2nd Rep
260 _aN.Delhi
_bExcel Books
_c2010
300 _a553
650 _aMBA
942 _2ddc
_cBK
999 _c4659
_d4659